<?xml version="1.0" encoding="UTF-8"?>
<collection xmlns="http://www.loc.gov/MARC21/slim">
 <record>
  <leader>     na                 </leader>
  <controlfield tag="001">INLIS000000000012441</controlfield>
  <controlfield tag="005">20250821024442</controlfield>
  <datafield tag="035" ind1=" " ind2=" ">
   <subfield code="a">0010-0721007700</subfield>
  </datafield>
  <controlfield tag="008">250821                g          0 ind  </controlfield>
  <datafield tag="245" ind1="1" ind2=" ">
   <subfield code="a">Metodologi Penelitian Kualitatif Untuk Ilmu-ilmu Sosial</subfield>
  </datafield>
  <datafield tag="100" ind1="0" ind2=" ">
   <subfield code="a">Haris Herdiansyah</subfield>
  </datafield>
  <datafield tag="260" ind1=" " ind2=" ">
   <subfield code="a">Jakarta :</subfield>
   <subfield code="b">Salemba Humanika,</subfield>
   <subfield code="c">2012</subfield>
  </datafield>
  <datafield tag="300" ind1=" " ind2=" ">
   <subfield code="a">226 hlm. ;</subfield>
   <subfield code="c">24 cm.</subfield>
  </datafield>
  <datafield tag="020" ind1=" " ind2=" ">
   <subfield code="a">978-602-8555-25-8</subfield>
  </datafield>
  <datafield tag="084" ind1=" " ind2=" ">
   <subfield code="a">001.42 HAR m</subfield>
  </datafield>
  <datafield tag="520" ind1=" " ind2=" ">
   <subfield code="a">Metodologi Penelitian Kualitatif Untuk Ilmu-ilmu Sosial&#13;
&#13;
Seiring dengan perjalanan dalam mempelajari metodologi penelitian kualitatif, terdapat beberapa hal yang menjadi perhatian saya. Pertama, berkaitan dengan cara belajar. Mempelajari dan mengajarkan metodologi penelitian kualitatif memiliki seni tersendiri yang khas karena sebagian bersifat teoretis. Sementara itu, bagian yang lain harus dipelajari melalui pengalaman langsung di lapangan. Seperti mengajarkan seorang anak bagaimana cara untuk berenang yang tidak mungkin hanya melalui teori semata, tetapi juga harus terjun ke dalam kolam renang yang sebenarnya. Kedua, metode penelitian kualitatif bagi banyak orang masih dianggap metode penelitian &quot;kelas dui dibandingkan dengan metode penelitian kuantitatif. Metode kualitatif dipandang kurang ilmiah, sangat subjektif, dan sering kali temuan-temuan dalam penelitian kualitatif tidal( dapat berlaku umum serta tidak dapat digeneralli Rasi terhadap poplasi. Secara langsung maupun tidak, stigma-stigma miring tersebut membentuk suatu citra tertentu mengenai metode penelitian kualitatif yang justru semakin mengecilkan penelitian kualitatif. Ketiga, buku-buku ataupun literatur ilmiah yang mengupas dari A-Z metodologi penelitian kualitatif masih sangat terbatas dan masih didominasi oleh buku-buku teks asing yang tidak semua kalangan dapat memahaminya denganxvPra katamudah. Terlebih lagi, buku-buku mengenai teknik analisis data kualitatif masih jarang ditemukan.Berdasarkan ketiga hal tersebutlah, salah satu bentuk &quot;kepedulian &quot; yang saya lakukan adalah dengan memberikan apa yang saya tahu tentang metodologi penelitian kualitatif. Salah satu wujud konkretnya adalah karya ini. Harapan saya adalah dengan karya saya ini, pandangan pembaca mengenai metodologi penelitian kualitatif dapat lebih baik dan pada akhirnya metodologi penelitian kualitatif mendapat tempat yang setara dengan metodologi lainnya. Harapan lainnya adalah karya ini dapat menjadi pedoman yang mempermudah pembaca ataupun peneliti (khususnya peneliti pemula) dalam melakukan penelitian kualitatif dengan tuntunan metodologis yang tepat serta dapat dipertanggungjawabkan keilmiahannya.</subfield>
  </datafield>
  <datafield tag="082" ind1=" " ind2=" ">
   <subfield code="a">001.42</subfield>
  </datafield>
  <datafield tag="650" ind1=" " ind2="4">
   <subfield code="a">Metodologi Penelitian</subfield>
  </datafield>
  <datafield tag="863" ind1=" " ind2=" ">
   <subfield code="a">3</subfield>
  </datafield>
  <datafield tag="502" ind1=" " ind2=" ">
   <subfield code="a">229-233 Halaman</subfield>
  </datafield>
  <datafield tag="504" ind1=" " ind2=" ">
   <subfield code="a">227-228 Halaman</subfield>
  </datafield>
  <datafield tag="990" ind1=" " ind2=" ">
   <subfield code="a">058707</subfield>
  </datafield>
  <datafield tag="990" ind1=" " ind2=" ">
   <subfield code="a">058710</subfield>
  </datafield>
 </record>
</collection>
